| 000 | 00405cam a2200169ua 4500 | ||
|---|---|---|---|
| 020 | _cRs 1.00 | ||
| 041 |
_amal _h |
||
| 082 |
_a923.2 _bBOT/VI |
||
| 100 | _aBottan, Bernard . | ||
| 245 |
_aVisthara judgi / _cBernard Bottan. _hTextual Documents |
||
| 260 |
_aKottayam : _bMalayalarajyam , _c1956. |
||
| 300 | _a151 ; . | ||
| 365 | _aRs 1.00 | ||
| 504 | _a | ||
| 942 | _cBK | ||
| 999 |
_c962 _d962 |
||